000 01071cam a22003255i 4500
999 _c27858
_d27829
001 4049014
003 EG-ScBUE
005 20191126104206.0
008 990413t19991999maua f b 001 0 eng d
020 _a0674000773 (cloth : alk. paper)
020 _a0674000781 (paper : alk. paper)
020 _a9780674000780
040 _aDLC
_beng
_erda
_cDLC
_dDLC
_dEG-ScBUE
082 0 4 _a320.011
_bRAW
_222
100 1 _aRawls, John,
_d1921-2002,
_eauthor.
_911109
245 1 2 _aA theory of justice /
_cJohn Rawls.
250 _aRevised edition.
264 1 _aCambridge, Massachusetts :
_bThe Belknap Press of Harvard University Press,
_c[1999]
264 4 _cc1999
300 _axxii, 538 pages :
_billustration ;
_c25 cm
336 _atext
_btxt
_2rdacontent
337 _aunmediated
_bn
_2rdamedia
338 _avolume
_bnc
_2rdacarrier
504 _aIncludes bibliographical references and index.
650 7 _aJustice.
_2BUEsh
650 7 _aPolitical science
_xPhilosophy.
_2BUEsh
653 _bBUSBOL
_bMASPPSS
_cNovember2019
655 _vReading book
942 _2ddc
_cBB